Регионална библиотека "Любен Каравелов" - Русе

Нова българска литература (Запис номер 56752)

MARC детайли
000 -Лидер
Контролно поле с фиксирана дължина 01034nam a2200277 c 4500
003 - Код на организацията, давaща контролен номер
Контролно поле BLK
005 - Дата и час на последна редакция
Контролно поле 20230407030407.0
008 - Елементи от данни с фиксирана дължина
fixed length control field 180408b bul|||||r ||||||| ||bul||
010 ## - Наследен системен номер
LC control number KNG00060738000
040 ## - Източник на каталожния запис
Идентификатор на билиотеката - собственик на записа BLK
041 ## - Код за език
Код за езика на текст/звукозапис или на отделно заглавие Български
Код за езика КДБФ Български
080 ## - УДК
Текстов определител УДК Българска литература
УДК код - определител по УДК 821.163.2
УДК определител .09(075.8)
УДК - код + определител 821.163.2.09(075.8)
100 1# - Редна дума - Автор
Автор Елефтеров, Стефан
Авторска отговорност първи автор
R(LIN) 369297
139 ## - Редно поле
Редна дума Елефтеров, Стефан
Авторски знак Еле - Е 49
245 10 - Сведения за заглавието
Заглавие Нова българска литература
Подзаглавни данни 1878 - 1918 : Учебник за студентите от ВУЗ
Редно поле (дума) Стефан Елефтеров.
257 ## - Страна на издаване
Страна на създаване/издаване България
260 ## - Област на издателските данни
Място на издаване, разпространение и проч. София
Име на издателя, разпространителя и проч. Наука и изкуство
Година на издаване 1978
Печатница Плевен : Ал. Пъшев
300 ## - Физическа характеристика
Страници 255 с.
Размери/Мащаб 21 см
380 ## - Жанр
Жанр Литературознание
650 #4 - Допълнително описание по предмет – тема
Основно описание – тема или топоним Българска литература, 1878-1944 г.
9 (RLIN) 247058
852 ## - Местоположение
Форматна сигнатура Цб 92138
856 4# - Електронен адрес и достъп
Електронен формат pdf - файл
Инструкция (цена за достъп) 0.00
Права за достъп disable
856 4# - Електронен адрес и достъп
Електронен формат pdf - файл
Инструкция (цена за достъп) 0.00
Права за достъп disable
999 ## - СИСТЕМНИ КОНТРОЛНИ НОМЕРА
Koha biblionumber 56752
Koha biblioitemnumber 56752
942 ## - АРТИКУЛИ
Вид на библиотечния материал Книги
Скрит в OPAC Не
Периодичен библиозапис Да
944 ## - СЪЗДАВАНЕ И РЕДАКЦИЯ на ЗАПИСА
Създаване/Редакция Създаване
Дата на регистрацията/редакция 13.06.2004
Служител, извършил регистрацията/редакцията Геновева_Генчева
944 ## - СЪЗДАВАНЕ И РЕДАКЦИЯ на ЗАПИСА
Създаване/Редакция Редакция
Дата на регистрацията/редакция 12.04.2010
999 ## - СИСТЕМНИ КОНТРОЛНИ НОМЕРА
Koha biblioitemnumber 56752
Наличности
Код за отписване Код за изгубен артикул Източник на класификационната схема Код за повреда Коз за рестрикции Код за отдаване Артикулен № Име на библиотеката - собственик Име на библиотеката, в която се намира в момента Статус (Текущо местоположение) Дата на вписване в системата Местоположение - отдел Цена в лева Инвентарен номер Систематично азбучна сигнатура Баркод Номер на екземпляра Цена в евро Служебна бележка Служебен тип на артикула Бележка за публиката
  Не е изгубен Universal Decimal Classification Не е повреден само за читалня ползва се в читалня 90627 Регионална библиотека "Любен Каравелов" Русе Регионална библиотека "Любен Каравелов" Русе Хранилище 1978-01-01 Хранилище 0.78 257861 Цб 92138 120000257861 1 0.40 Дост: Dp Вид: Д N: стар фонд Дата: 01.01.1978 Книги  
Изтеглен Не е изгубен   Не е повреден без рестрикции заемане за дома 90628 Регионална библиотека "Любен Каравелов" Русе Регионална библиотека "Любен Каравелов" Русе   1978-01-01 Заемна - подръчен фонд 0.78 259770 П 886.7.09/Е 49 259770 2 0.40 Дост: Pk Вид: Ф N: стар фонд Дата: 01.01.1978 Книги Отч.N: 26/2018 , Дата: 26.03.2018
Изтеглен Не е изгубен Universal Decimal Classification Не е повреден без рестрикции заемане за дома 90629 Регионална библиотека "Любен Каравелов" Русе Регионална библиотека "Любен Каравелов" Русе Заемна - подръчен фонд 1978-01-01 Заемна - подръчен фонд 0.78 259772 821.163.2.09/Е 49 С 259772 3 0.40 Дост: Pk Вид: Ф N: стар фонд Дата: 01.01.1978 Дата инв: 08.02.2018 Бележки инв: П2018 Книги  
Изтеглен Не е изгубен Universal Decimal Classification Не е повреден без рестрикции заемане за дома 90630 Регионална библиотека "Любен Каравелов" Русе Регионална библиотека "Любен Каравелов" Русе Заемна - подръчен фонд 1978-01-01 Заемна - подръчен фонд 0.78 629782 П 886.7.09/Е 49 629782 4 0.40 Дост: Pk Вид: Ф N: стар фонд Дата: 01.01.1978 Книги  
Vip Innovations Ltd, Rousse, Bulgaria 2025